Equivalence des grades de la marine et des autres armées - Statistiques

Statistiques générales
  • Ce quiz a été pris 63 fois
  • Le résultat moyen est 10 sur 18
Statistiques - réponses
Marine Equivalent % Correct
Amiral Général d'armée
78%
Capitaine de vaisseau Colonel
76%
Lieutenant de vaisseau Capitaine
75%
Enseigne de vaisseau de 1ère classe Lieutenant
69%
Capitaine de corvette Commandant
65%
Capitaine de frégate Lieutenant-colonel
65%
Quartier-maître de 2e classe Caporal
63%
Maître Sergent-chef
63%
Contre-amiral Général de brigade
61%
Maître principal Adjudant-chef
59%
Enseigne de vaisseau de 2e classe Sous-lieutenant
59%
Quartier-maître de 1ère classe Caporal-chef
57%
Second-maître Sergent
57%
Premier maître Adjudant
55%
Vice-amiral Général de division
51%
Vice-amiral d'escadre Général de corps d'armée
45%
Matelot Soldat de 1ère classe
8%
Mousse Soldat de 2e classe
2%
Aucun quiz correspondant
Distribution des résultats
% des personnes avec chaque résultat
Percentile par nombre de réponses
Votre historique - résultats
Vous n’avez pas pris ce quiz